000 01245cam a22002771 4500
001 sd 65000002
003 DLC
005 20260227112737.0
008 771006s1965 dcu f000 0 eng c
010 _asd 65000002
035 _a(OCoLC)3321779
040 _aU. S. Dept. of State
_cMH
_dOCoLC
_dDLC
042 _apremarc
050 0 0 _aE841
_b.R78
100 1 _aRusk, Dean,
_d1909-1994.
245 1 0 _aPolicy, persistence, and patience;
_ban interview with Secretary of State Dean Rusk.
260 _a[Washington,
_bDept. of State; for sale by the Superintendent of Documents, U.S. Govt. Print. Off.,
_c1965]
300 _a32 p.
_c19 cm.
490 1 _a[United States] Dept. of State. Publication 7809. General foreign policy series,
_v199
500 _a"Transcript with minor editorial changes, of a National Broadcasting Company television program, 'A Conversation with Dean Rusk,' which was broadcast on January 3, 1965."
651 0 _aUnited States
_xForeign relations
_y1961-1963.
651 0 _aUnited States
_xForeign relations
_y1963-1969.
650 0 _aWorld politics
_y1955-1965.
730 0 _aConversation with Dean Rusk (Television program)
810 1 _aUnited States.
_bDepartment of State.
_tGeneral foreign policy series ;
_v199.
999 _c90099
_d90099